Detalles MARC
| 000 -LÍDER |
| Campo fijo de descripción fija |
03211aam a2200361 4500 |
| 001 - NÚMERO DE CONTROL |
| Campo de control |
19181 |
| 003 - IDENTIFICADOR DEL NÚMERO DE CONTROL |
| Campo de control |
CO-MdFUSB |
| 005 - FECHA Y HORA DE LA ULTIMA TRANSACCIÓN |
| control field |
20180622170410.0 |
| 008 - ELEMENTOS DE LONGITUD FIJA -- INFORMACIÓN GENERAL |
| Campo fijo de descripción fija -- Información general |
170213t1984 xxu||||f |||| 00| 0 eng d |
| 020 ## - NÚMERO INTERNACIONAL NORMALIZADO PARA LIBROS |
| Número Internacional Normalizado del libro |
0-89453-343-6 |
| 040 ## - FUENTE DE CATALOGACIÓN |
| Agencia de catalogación original |
CO-MdFUSB |
| Idioma de catalogación |
spa |
| Agencia que realiza la transcripción |
CO-MdFUSB |
| Agencia que realiza la modificación |
CO-MdFUSB |
| Convenciones de la descripción |
rda |
| 041 ## - CÓDIGO DE IDIOMA |
| Código de idioma para texto/pista de sonido o título separado |
eng |
| 082 ## - NÚMERO DE CLASIFICACIÓN DECIMAL DEWEY |
| Número de la edición del Dewey |
24 |
| Número de clasificación |
G 270.092 |
| Clave de autor-Numero de item |
B967h |
| 100 1# - ASIENTO PRINCIPAL--NOMBRE PERSONAL |
| Nombre personal |
Burns, J. Patout |
| Término relacionador |
autor |
| 245 04 - TÍTULO |
| Título del Material |
The Holy Spirit |
| Mención de responsabilidad, etc. |
/ J. Patout Burns, Gerald M. Fagin |
| 264 #1 - PRODUCCIÓN, PUBLICACIÓN, DISTRIBUCIÓN, MANUFACTURA, Y COPYRIGHT |
| Lugar de producción, publicación, distribución, manufactura |
Wilmington, Delaware : |
| Nombre del productor, publicador, distribuidor |
Michael Glazier, |
| Fecha de producción, publicación, distribución, manufactura, o copyright |
℗1984 |
| 264 #4 - PRODUCCIÓN, PUBLICACIÓN, DISTRIBUCIÓN, MANUFACTURA, Y COPYRIGHT |
| Fecha de producción, publicación, distribución, manufactura, o copyright |
©1984 |
| 300 ## - DESCRIPCIÓN FÍSICA |
| Extensión |
240 páginas |
| Dimensiones |
; 22 cm. |
| 336 ## - TIPO DE CONTENIDO |
| Fuente |
rdacontent |
| Término de tipo de contenido |
|
| Código de tipo de contenido |
|
| 337 ## - TIPO DE MEDIO |
| Fuente |
rdamedia |
| Nombre del tipo de medio |
|
| Código del tipo de medio |
|
| 338 ## - TIPO DE SOPORTE |
| Fuente |
rdacarrier |
| Nombre del tipo de soporte |
|
| Código Tipo de soporte |
|
| 490 ## - MENCIÓN DE SERIE |
| Mención de serie |
Message of the Fathers of the Church |
| 505 00 - NOTA DE CONTENIDO |
| Nota de contenido con formato preestablecido |
Capitulo uno: Inspiración y profecía: El segundo siglo -- Introducción -- Las escrituras -- Los Apostólicos Padres -- Clemente de Roma, primer Clemente -- Ignacio de Antioquía, carta a lo filadelfianos -- Hermas, el pastor -- Los Apologistas -- Justin Martyr, diálogo con Trypho -- Athenagoras, la súplica -- Theophilus, a Autólicus -- Defensores de la fe ortodoxa -- Iraeneus, contra las herejías, la demostración de las predicas apostólicas -- Reflexiones Finales |
| 505 00 - NOTA DE CONTENIDO |
| Nota de contenido con formato preestablecido |
Capitulo dos: De carisma a ministerio: El tercer siglo -- Introducción -- Los escritos -- Tertuliano -- A los mártires -- En la prescripción contra los herejes -- En el bautismo -- En el velo de las vírgenes -- En monogomy -- En el pudor -- Contra praxeas -- Hipólito -- Refutación de todas las herejías -- La tradición apostólica -- La enseñanza de los apóstoles -- Origen -- En los primeros principios -- Comentario de Juan -- Novatian -- Referente a la Trinidad -- Cipriano -- Epístola 10: A los mártires y confesores -- Epístola 57: A Cornelius , Obispo de Roma -- Epístola 73: A Jubaianus obispo de Mauritania -- En rebaptismo -- Finales reflexiones |
| 505 00 - NOTA DE CONTENIDO |
| Nota de contenido con formato preestablecido |
Adorado y honrado: El cuarto siglo -- Introducción -- Los escritos -- John Crysostom -- Primera homilía sobre hechos -- XIII homilía sobre romanos -- Theodore de Mopsuestia -- en el credo de Nicea -- Cirilo de Alejandría -- comentario sobre Juan -- Augustine de Hippo -- escritos contra lo donatistas -- En bautismo -- Carta 98, a Bonifacio -- Homilía sexta en 1 Juan -- Escritos contra los pelagianos -- Carta 145, a Anastasio -- Carta 194, a Sixto -- En refutacion y gracia -- De la predestinación de los Santos -- Escrituras sobre la Trinidad , sobre la Trinidad -- Leo el grande -- El credo de Atanasio -- Las reflexiones finales |
| 505 00 - NOTA DE CONTENIDO |
| Nota de contenido con formato preestablecido |
Señor y dador de vida - El curso del desarrollo -- Introducción -- Las escrituras -- La inspiración e interpretación de la escritura -- La unidad de la iglesia -- El espíritu como santificador, el perdón de los pecados -- El espíritu y la carne -- La santificación del espíritu -- El espíritu de Cristo -- El Divino Espíritu -- Consubstancial con el padre y el hijo -- La procesión del espíritu -- Nombrando del espíritu -- Conclusión |
| 540 ## - NOTA DE CONDICIONES DE USO Y REPRODUCCION |
| Términos que regulan el uso y reproducción |
Pasta dura |
| 650 #7 - ASIENTO SECUNDARIO DE MATERIA - TERMINO TEMÁTICO |
| 9 (RLIN) |
59 |
| Término temático o nombre geográfico como elemento de entrada |
Padres de la Iglesia |
| 653 ## - TÉRMINO DE INDIZACIÓN - NO CONTROLADO |
| Término no controlado |
Patristíca |
| 720 ## - ASIENTO SECUNDARIO - NOMBRE NO CONTROLADO |
| Nombre |
Gerald M. Fagin, S.J. |
| Término de relación |
autor |
| 942 ## - TIPO DE MATERIAL (KOHA) |
| Tipo de Item KOHA |
Libros General |